000 00333 a2200145 4500
001 92073
082 _a297.18 NAQ
090 _c44033
_d44032
100 _aUmm e Danyal Naqqash
245 _aKahanian He Kahanian
250 _a1
260 _aLahore
_bZam Zam Publishers
_c2006
300 _a150p.
_bHb
500 _aGeneral Book
942 _aCAE NUST
_k297.18 NAQ
999 _c327146
_d327146